| 000 | 00578cam a2200181 i 4500 | ||
|---|---|---|---|
| 020 | _a9781464801884 (alk. paper) | ||
| 020 | _a9781464801891 | ||
| 040 | _cDNAL | ||
| 082 | 0 | 0 | _a333 ICI 2007 C165 Or. |
| 245 | 0 | 0 |
_aAgricultural land redistribution and land administration in Sub-Saharan Africa : _bcase studies of recent reforms / |
| 300 |
_axiv, 134 pages : _c26 cm. |
||
| 490 | 1 | _aDirections in development :agriculture and rural development | |
| 650 | 0 | _aLand reform | |
| 650 | 0 | _aLand tenure | |
| 700 | 1 | _aByamugisha, Frank, | |
| 710 | 2 | _aWorld Bank. | |
| 942 | _cAEDBB | ||
| 999 |
_c19328 _d19328 |
||